| 000 | 01383nam0a22003251 4500 | ||
|---|---|---|---|
| 001 | v19\rc\1656473 | ||
| 005 | 20250619004819.0 | ||
| 035 | _a(NLR Aleph) 004766771 | ||
| 090 |
_a4609418 _c4609418 |
||
| 100 | _a20061002d1892 |||y0rusy50 ca | ||
| 101 | 0 | _arus | |
| 102 | _aRU | ||
| 105 | _ay z ||||| | ||
| 200 | 1 |
_aЗагробная жизнь _eразмышление о кратковременности здешней жизни, о смерти и о вечной жизни _eдневник одного страдальца _f[Е. Тихомиров] |
|
| 205 | _aИзд. 3-е | ||
| 210 |
_aМосква _cтипография И.Д. Сытина и К° _d1892 |
||
| 215 | _a143 с. | ||
| 300 | _aАвтор указан в конце текста | ||
| 517 | 1 |
_aРазмышление о кратковременности здешней жизни, о смерти и о вечной жизни _eдневник одного страдальца _zrus |
|
| 606 | 1 |
_aЗагробная жизнь _xПравославная концепция _92074149 _3RU\NLR\AUTH\661249126 |
|
| 686 | 1 | _aЭ372.24-422.27 | |
| 700 | 1 |
_aТихомиров _bЕ. А. |
|
| 801 | 0 |
_aRU _bNLR _gpsbo |
|
| 801 | 0 |
_aRU _bRuMoRGB _2psbo |
|
| 801 | 1 |
_aRU _bProSoft-M _2rusmarc |
|
| 852 |
_aNLR _j20.101.5.254 |
||
| 942 | _cBOOK | ||
| 980 | _aNB | ||